Most Common Language in U.S States Excluding English and Spanish - Statistics

General Stats
  • This quiz has been taken 122 times
  • The average score is 11 of 19
Answer Stats
Language % Correct
French
99%
Chinese
96%
German
95%
Portuguese
92%
Arabic
86%
Korean
81%
Polish
81%
Tagalog
79%
Vietnamese
79%
Pennsylvania Dutch
78%
Navajo
59%
French Creole
51%
Dakota
47%
Hmong
33%
Somali
33%
Gujarati
19%
Aleut
16%
Nepali
13%
Ilocano
6%
No matching quizzes found
Score Distribution
Percent of People with Each Score
Percentile by Number Answered
Your Score History
You have not taken this quiz